| LEADER 00000nam 2200000uu 4500 |
| 001 13399108445 |
| 003 ULIB |
| 008 110203s2552||||th 000 0 tha d |
| 020 ^a9786167098111
|
| 060 4 ^aWA108^bว143ย 2552
|
| 100 0 ^aวชยา อาฬัลพัตร์
|
| 245 10 ^a20 โรคร้ายที่คนไทยต้องรู้ /^cวชยา อาฬัลพัตร์
|
| 250 ^aพิมพ์ครั้งที่ 1
|
| 260 ^aกรุงเทพฯ :^bฟีลกูด,^c2552
|
| 300 ^a207 หน้า :^bภาพประกอบ
|
| 520 ^aหนังสือเล่มนี้เสนอเนื้อหา20 โรคร้ายที่เกิดกับคนไทย อาทิเช่น โรคมะเร็ง โรคความดันโลหิตสูง โรคหัวใจ โรคหลอดเลือดสมอง โรคเบาหวาน โรคเอดส์ โรคไต โรคกระดูกโปร่งบาง ฯลฯ เพื่อเป็นข้อมูลให้ทราบ อาการ ปัจจัยเสี่ยง การรักษา การป้องกันและดูแลเบี้องต้น ในการที่จะดูแลตนเองและคนรอบข้าง
|
| 650 7 ^aโรค^xการป้องกันและควบคุม^zไทย
|
| 650 7 ^aการรักษาโรค
|
| 650 7 ^aสุขภาพ
|
| 999 ^aสุณิสา
|